載入...

Handbook of Heredity and Genetics /

書目詳細資料
主要作者: Narain,, Rabindra
其他作者: Naha, Surendra
格式: Printed Book
語言:English
出版: New Delhi: Wisdom Press, 2012.
版:1
主題:
Dna
LEADER 00684cam a2200241ua 4500
008 140422t2012||||||||||| 00 ||eng c
020 |a 9789381052389 
041 0 |a eng 
082 |a 576.5  |b NAR/H 
100 |a Narain,, Rabindra 
245 1 0 |a Handbook of Heredity and Genetics /  
250 |a 1 
260 |a New Delhi:  |b Wisdom Press,  |c 2012. 
300 |a 274. 
362 1 |a 2012. 
365 |a Rs.1495/- 
650 |a Genetics- Heridity 
650 0 |a Chromosome structure 
650 0 |a Dna 
700 0 2 |a Naha, Surendra 
942 |c BK 
999 |c 30043  |d 30043 
952 |0 0  |1 0  |4 0  |6 576_500000000000000_NAR  |7 0  |9 31851  |a KUCL  |b KUCL  |d 2014-05-23  |l 0  |o 576.5 NAR/  |p 32394  |r 2014-05-23  |w 2014-05-23  |y BK